Social determinants of health : (Record no. 47958)
[ view plain ]
| 000 -LEADER | |
|---|---|
| fixed length control field | 01175cam a22003134a 4500 |
| 005 - DATE AND TIME OF LATEST TRANSACTION | |
| control field | 20100921073300.0 |
| 008 - FIXED-LENGTH DATA ELEMENTS--GENERAL INFORMATION | |
| fixed length control field | 100428s2010 ii ab b 001 0 eng d |
| 010 ## - LCCN (DPL NO) | |
| LC control number | ENG-101565 |
| 020 ## - INTERNATIONAL STANDARD BOOK NUMBER | |
| International Standard Book Number | 9788125038922 |
| Terms of availability | 895.00 |
| 035 ## - SYSTEM CONTROL NUMBER | |
| System control number | EN-85098 |
| 037 ## - SOURCE OF ACQUISITION | |
| Source of stock number/acquisition | DBAD/PUB |
| 040 ## - CATALOGING SOURCE | |
| Original cataloging agency | dpl |
| Language of cataloging | Eng |
| 082 ## - DEWEY DECIMAL CLASSIFICATION NUMBER | |
| Classification number | 362.1 |
| 100 1# - MAIN ENTRY--PERSONAL NAME | |
| 9 (RLIN) | 22274 |
| 245 10 - TITLE STATEMENT | |
| Title | Social determinants of health : |
| Remainder of title | assessing theory, policy and practice / |
| Statement of responsibility, etc | edited by Sanjoy Bhattacharya, Sharon Messenger [and] Caroline Overy |
| 260 ## - PUBLICATION, DISTRIBUTION, ETC. (IMPRINT) | |
| Place of publication, distribution, etc | New Delhi |
| Name of publisher, distributor, etc | Orient BlackSwan |
| Date of publication, distribution, etc | 2010 |
| 270 ## - ADDRESS | |
| Address | 1/24 Asaf Ali Road, |
| City | New Delhi |
| Postal code | 110002 |
| 300 ## - PHYSICAL DESCRIPTION | |
| Extent | xv,415p. |
| Dimensions | 24cm (Hb) |
| 500 ## - GENERAL NOTE | |
| General note | Includes bibliographical references and index. |
| 520 ## - SUMMARY, ETC. | |
| Summary, etc | Study conducted at Hyderabad, India. |
| 600 30 - SUBJECT ADDED ENTRY--PERSONAL NAME | |
| 9 (RLIN) | 22275 |
| 650 #0 - SUBJECT ADDED ENTRY--TOPICAL TERM | |
| 9 (RLIN) | 22278 |
| 700 ## - ADDED ENTRY--PERSONAL NAME | |
| Personal name | Bhattacharya, Sanjoy |
| 9 (RLIN) | 22292 |
| 700 ## - ADDED ENTRY--PERSONAL NAME | |
| Personal name | Messenger, Sharon |
| 9 (RLIN) | 22293 |
| 700 ## - ADDED ENTRY--PERSONAL NAME | |
| Personal name | Overy, Caroline |
| 9 (RLIN) | 22294 |
| 942 ## - ADDED ENTRY ELEMENTS (KOHA) | |
| Source of classification or shelving scheme | Dewey Decimal Classification |
| Item type | English Books |
| Call number suffix | SOC |
| Classification part | 362.1 |
| Withdrawn status | Lost status | Source of classification or shelving scheme | Damaged status | Not for loan | Collection code | Home library | Current library | Date acquired | Source of acquisition | Cost, normal purchase price | Total Checkouts | Full call number | Barcode | Date last seen | Copy number | Cost, replacement price | Koha item type |
|---|---|---|---|---|---|---|---|---|---|---|---|---|---|---|---|---|---|
| Dewey Decimal Classification | Not For Loan | Non-fiction | D.B.Act.Division | D.B.Act.Division | 29/09/2010 | DBAD/PUB | 895.00 | 362.1 SOC | EN-85098 | 29/09/2010 | 1 | 895.00 | English Books |
